000
00247nam a22000857a 4500
008
160712b xxu||||| |||| 00| 0 eng d
100
_9
2697
_a
National Geographic Society
245
_a
Beyond the Horizon
260
_a
Washington
_b
National Geography
_c
1992
999
_c
2344
_d
2344